000
00426nam a2200157Ia 4500
008
100122s9999 xx 000 0 und d
082
_b
57035
_a
923.254
100
_a
खाडिलकर नीलकंठ
245
_a
नेताजी
250
_a
0
260
_b
परचुरे प्रक ाशन
_c
1999
300
_a
113
630
_a
नेताजी
730
_a
नेताजी
942
_c
BOOK
999
_c
433351
_d
433348